header

Elders, crime, and the criminal justice system (Record no. 24889)

MARC details
000 -LEADER
fixed length control field 01666nam a2200397Ia 4500
082 04 - DEWEY DECIMAL CLASSIFICATION NUMBER
Classification number 364.3/0846/0973
245 00 - TITLE STATEMENT
Title Elders, crime, and the criminal justice system
260 ## - PUBLICATION, DISTRIBUTION, ETC. (IMPRINT)
Place of publication New York :
Name of publisher Springer,
Year of publication c2000.
300 ## - PHYSICAL DESCRIPTION
Number of Pages xxxviii, 373 p. :
Other physical details ill.
490 1# - SERIES STATEMENT
Series statement Springer series on life styles and issues in aging
650 #0 - SUBJECT ADDED ENTRY--TOPICAL TERM
Topical Term Crime and age
Topical Term Criminal justice, Administration of
Topical Term Older offenders
Topical Term Older people
Topical Term Victims of crimes
700 1# - ADDED ENTRY--PERSONAL NAME
Personal name Dunlop, Burton David.
Personal name Entzel, Pamela.
Personal name Rothman, Max B.
856 40 - ELECTRONIC LOCATION AND ACCESS
Uniform Resource Identifier http://site.ebrary.com/lib/rucke/Doc?id=10265565

No items available.

© 2026 Rongo University
Contact us: librarian | system librarian | Rongo university